|
|
|
|
| LEADER |
00000nas1a2200000 4500 |
| 001 |
278400 |
| 005 |
20241209161456.0 |
| 011 |
|
|
|a 2074-0212
|
| 035 |
|
|
|a (RuTPU)RU\TPU\book\301677
|
| 090 |
|
|
|a 278400
|
| 100 |
|
|
|a 20240131a20059999k||y0rusy5003 ca
|
| 101 |
0 |
|
|a rus
|
| 102 |
|
|
|a RU
|
| 110 |
|
|
|a afaz 0yy0
|
| 200 |
1 |
|
|a Бутлеровские сообщения
|e англо-русскоязычный научный химический журнал
|f Научный фонд имени А. М. Бутлерова
|
| 210 |
|
|
|a Казань
|c Бутлеровское наследие
|d 2005-
|
| 300 |
|
|
|a С 2023 г. журнал выписан в электронном виде. Для полного доступа к статьям требуется персональная регистрация, указывать корпоративную почту ТПУ.
|
| 326 |
|
|
|a Периодичность – 12 номеров в год
|
| 330 |
|
|
|a Журнал является рецензируемым, многопрофильным, химическим, академически ориентированным, межуниверситетским научным изданием.
Журнал представляет научные издательские интересы научного сообщества – ученых, являющихся членами редколлегии журнала, участниками Научного фонда имени А.М. Бутлерова (участником НФБ может стать каждый исследователь), исследователями, работающими в организациях-соучредителях журнала и в других организациях, оформивших годовую подписку на журнал.
|
| 606 |
1 |
|
|a Химия
|9 43035
|
| 675 |
|
|
|a 54
|v 4
|
| 712 |
0 |
2 |
|a Научный фонд им. А. М. Бутлерова
|c (Казань)
|3 (RuTPU)RU\TPU\col\20674
|9 27791
|
| 801 |
|
0 |
|a RU
|b RuMRKP
|c 19950704
|g psbo
|
| 801 |
|
1 |
|a RU
|b 63413507
|c 20141211
|
| 801 |
|
2 |
|a RU
|b 63413507
|c 20150402
|g RCR
|
| 856 |
4 |
|
|u https://butlerov.com/
|z Официальный сайт журнала
|
| 942 |
|
|
|c CF
|